Statystyki dla 10 najpopularniejszych utworów w Polsce. Spotify

Kliknij tutaj aby rozwiązać quiz!

Ogólne statystyki

  • Ten quiz został rozwiązany 176 razy
  • Średni wynik to 6 z 10

Statystyki odpowiedzi

WykonawcaOdsłuchaniaUtwór% Poprawnych
White 211529MCalifornia
84%
Tymek34MJęzyk Ciała
80%
Quebonafide ft. Daria Zawiałow27MBUBBLETEA
70%
Ed Sheeran28MShape Of You
70%
Dawid Podsiadło30MMałomiasteczkowy
65%
Young Igi26MBestia
59%
Taco Hemingway ft. Dawid Podsiadło26MW piątki leżę w wannie
48%
Tones and I27MDance Monkey
44%
Schafter27MHot Coffee
40%
Męskie Granie Orkiestra 201829MPoczątek
33%

Rozkład punktacji

Percentyl według liczby udzielonych odpowiedzi

Procent ludzi z każdym wynikiem

Twoja historia wyników

Nie rozwiązałeś tego quizu